U.S. State Trivia by Letter - D - Statistics

General Stats
  • This quiz has been taken 169 times
  • The average score is 17 of 20
Answer Stats
Hint Answer % Correct
First name of President Trump Donald
97%
First state ratified by the Constitution Delaware
96%
Capital of Colorado Denver
96%
Home to the Cowboys, Mavericks, and Stars Dallas
94%
Document drafted that by Thomas Jefferson in 1776 {Declaration} of Independence
93%
What types of animals were Stegosaurus and Triceratops? Dinosaur
93%
Most populous city in Michigan Detroit
90%
Lowest and hottest place in the country Death Valley
89%
Popular theme park in Anaheim, California Disneyland
89%
First name of President Eisenhower Dwight
88%
Tallest mountain in North America Denali
87%
Capital of Iowa Des Moines
85%
Dallas-Fort Worth airport code DFW
80%
Capital of Delaware Dover
80%
Middle name of Franklin Roosevelt Delano
78%
Name for a Kentucky horse race Derby
77%
Massive drought that struck in the 1930s {Dust} Bowl
77%
Most important NASCAR race {Daytona} 500
71%
City where the above is located Durham
55%
Private university in North Carolina's Research Triangle Duke
54%
No matching quizzes found
Score Distribution
Percent of People with Each Score
Percentile by Number Answered
Your Score History
You have not taken this quiz